000 00708nam a2200229Ii 4500
003 JO-AjNU
008 230606s9999||||xx |||||||||||||| ||und||
020 _a978-0-470-24877-5
040 _aJO-AjNU
_beng
_erda
_cJO-AjNU
041 _aeng
050 1 4 _aTA340.B43 2010
100 3 _aBendat , Julius/Allan g piersol,
_eauthor
_94807
245 0 0 _aRandom data Analysis and Measurement procedures
250 _a4 ed
264 3 1 _aWiley, 2010
300 _a602p
336 _atext
_btxt
_2rdacontent
337 _aunmediated
_bn
_2rdamedia
338 _avolume
_bnc
_2rdacarrier
490 0 _awiley series in probability and statistics
650 4 _aRandom data Analysis and Measurement procedures
_94808
999 _aE2489
_c2487
_d2487